<?xml version="1.0" encoding="UTF-8"?>
<record
    xmlns:xsi="http://www.w3.org/2001/XMLSchema-instance"
    xsi:schemaLocation="http://www.loc.gov/MARC21/slim http://www.loc.gov/standards/marcxml/schema/MARC21slim.xsd"
    xmlns="http://www.loc.gov/MARC21/slim">

  <leader>00811nam a2200217 a 4500</leader>
  <controlfield tag="001">40580</controlfield>
  <controlfield tag="003">BD-RjUL</controlfield>
  <controlfield tag="005">20211209053238.0</controlfield>
  <controlfield tag="008">160504s1971    ii a|||| |||| 00| 0 ben d</controlfield>
  <datafield tag="035" ind1=" " ind2=" ">
    <subfield code="a">(BD-RjUL)40695</subfield>
  </datafield>
  <datafield tag="040" ind1=" " ind2=" ">
    <subfield code="a">BD-RjUL</subfield>
    <subfield code="b">ben</subfield>
    <subfield code="c">BD-RjUL</subfield>
  </datafield>
  <datafield tag="041" ind1=" " ind2=" ">
    <subfield code="a">ben</subfield>
  </datafield>
  <datafield tag="082" ind1=" " ind2=" ">
    <subfield code="2">23</subfield>
    <subfield code="a">294.5211</subfield>
    <subfield code="b">SEB 1971</subfield>
  </datafield>
  <datafield tag="100" ind1=" " ind2=" ">
    <subfield code="a">&#x9B8;&#x9C7;&#x9A8;, &#x9B8;&#x9C1;&#x9A7;&#x9BE;</subfield>
    <subfield code="9">124884</subfield>
  </datafield>
  <datafield tag="245" ind1="1" ind2="0">
    <subfield code="a">&#x9AD;&#x9BE;&#x9B0;&#x9A4;&#x9BE;&#x9A4;&#x9CD;&#x9AE;&#x9BE; &#x9B6;&#x9CD;&#x9B0;&#x9C0;&#x995;&#x9C3;&#x9B7;&#x9CD;&#x9A3; /</subfield>
    <subfield code="c">&#x9B8;&#x9C1;&#x9A7;&#x9BE; &#x9B8;&#x9C7;&#x9A8;</subfield>
  </datafield>
  <datafield tag="260" ind1=" " ind2=" ">
    <subfield code="a">&#x995;&#x9B2;&#x9BF;&#x995;&#x9BE;&#x9A4;&#x9BE; :</subfield>
    <subfield code="b">&#x9B6;&#x9CD;&#x9B0;&#x9C0;&#x9B6;&#x9CD;&#x9B0;&#x9C0;&#x985;&#x995;&#x9CD;&#x9B7;&#x9AF;&#x9BC;&#x9A7;&#x9B0;&#x9CD;&#x9AE;-&#x9AE;&#x9B9;&#x9BE;&#x9B8;&#x9AD;&#x9BE;,</subfield>
    <subfield code="c">&#x9E7;&#x9EF;&#x9ED;&#x9E7;</subfield>
  </datafield>
  <datafield tag="300" ind1=" " ind2=" ">
    <subfield code="a">[&#x9E7;&#x9EE;], &#x9E9;&#x9E8;&#x9EE; &#x9AA;&#x9C3;. :</subfield>
    <subfield code="b">&#x99A;&#x9BF;&#x9A4;&#x9CD;&#x9B0; ;</subfield>
    <subfield code="c">&#x9E8;&#x9E8; &#x9B8;&#x9C7;&#x9AE;&#x9BF;.</subfield>
  </datafield>
  <datafield tag="650" ind1=" " ind2=" ">
    <subfield code="a">&#x995;&#x9C3;&#x9B7;&#x9CD;&#x9A3;</subfield>
    <subfield code="x">&#x9B9;&#x9BF;&#x9A8;&#x9CD;&#x9A6;&#x9C1; &#x9A6;&#x9C7;&#x9AC;&#x9A4;&#x9BE;</subfield>
    <subfield code="9">124885</subfield>
  </datafield>
  <datafield tag="650" ind1=" " ind2=" ">
    <subfield code="a">Krishna</subfield>
    <subfield code="x">Hindu deity</subfield>
    <subfield code="9">124886</subfield>
  </datafield>
  <datafield tag="942" ind1=" " ind2=" ">
    <subfield code="2">ddc</subfield>
    <subfield code="c">BK</subfield>
  </datafield>
  <datafield tag="999" ind1=" " ind2=" ">
    <subfield code="c">40580</subfield>
    <subfield code="d">40580</subfield>
  </datafield>
  <datafield tag="952" ind1=" " ind2=" ">
    <subfield code="0">0</subfield>
    <subfield code="1">0</subfield>
    <subfield code="2">ddc</subfield>
    <subfield code="4">0</subfield>
    <subfield code="7">0</subfield>
    <subfield code="8">NFIC</subfield>
    <subfield code="a">RUCL</subfield>
    <subfield code="b">RUCL</subfield>
    <subfield code="c">Stack</subfield>
    <subfield code="d">1973-09-04</subfield>
    <subfield code="e">Presented by Indian Govt.</subfield>
    <subfield code="l">0</subfield>
    <subfield code="o">B 294.5211 SEB 1971</subfield>
    <subfield code="r">2016-05-04 00:00:00</subfield>
    <subfield code="t">C-2</subfield>
    <subfield code="w">2016-05-04</subfield>
    <subfield code="y">BK</subfield>
  </datafield>
  <datafield tag="952" ind1=" " ind2=" ">
    <subfield code="0">0</subfield>
    <subfield code="1">0</subfield>
    <subfield code="2">ddc</subfield>
    <subfield code="4">0</subfield>
    <subfield code="7">1</subfield>
    <subfield code="8">NFIC</subfield>
    <subfield code="a">RUCL</subfield>
    <subfield code="b">RUCL</subfield>
    <subfield code="c">Reading</subfield>
    <subfield code="d">1974-11-05</subfield>
    <subfield code="e">Jonathan waren and sons.</subfield>
    <subfield code="g">10.00</subfield>
    <subfield code="l">0</subfield>
    <subfield code="o">B 294.5211 SEB 1971</subfield>
    <subfield code="r">2016-12-06 00:00:00</subfield>
    <subfield code="t">C-1</subfield>
    <subfield code="w">2016-12-06</subfield>
    <subfield code="y">BK</subfield>
  </datafield>
</record>
